فلسفة النقد ونقد الفلسفة فى الفكر العربى والغربي: (Record no. 5624)
[ view plain ]
| 000 -الفاتح | |
|---|---|
| حقل البيانات ثابتة الطول | 00856nac a22001691u 4500 |
| 008 - عناصر البيانات ثابتة الطول - معلومات عامة | |
| حقل البيانات ثابتة الطول | 080827s le|||||r|||| 100 0 ara d |
| 020 ## - الرقم الدولى المعيارى للكتب | |
| الرقم الدولى المعيارى للكتاب | 995345096X |
| 082 ## - رقم تصنيف ديوى العشرى | |
| رقم التصنيف | 142 |
| رقم المادة | ن ق د |
| رقم الطبعة | 22 |
| 110 ## - المدخل الرئيسى - إسم هيئة | |
| اسم الهيئة أو اسم السلطة كمدخل | Markaz Derasat Al Wehda Al Arabeya. |
| 9 (RLIN) | 16481 |
| 245 ## - بيان العنوان | |
| العنوان | فلسفة النقد ونقد الفلسفة فى الفكر العربى والغربي: |
| بقية العنوان | أعمال الندوة الفلسفية الخامسة عشرة التي نظمتها الجمعية الفلسفية المصرية بجامعة القاهرة / |
| بيان المسئوليه,etc | حسن حنفى ...(وآخ) |
| 260 ## - PUBLICATION, DISTRIBUTION, ETC. (IMPRINT) | |
| مكان الناشر او الموزع | بيروت: |
| اسم الناشر او الموزع | مركز دراسات الوحدة العربية،2005 |
| تاريخ النشر أو التوزيع | 2005. |
| 300 ## - الوصف المادى | |
| التعداد | 362 ص؛ |
| أبعاد الوعاء | 24 سم |
| 504 ## - تبصرة ببليوجرافية | |
| تبصرة ببليوجرافية,الخ | يحتوى على ارجاعات ببليوجرافية وكشاف |
| 511 ## - | |
| -- | Catalogued by: Sara |
| 541 ## - تبصرة المصدر المباشر للتزويد | |
| مصدر التزويد | ألف باء; |
| طريقة التزويد | شراء; |
| 942 ## - عناصر المدخل الإضافي( كوها) | |
| Koha [default] item type | Book - Borrowing |
| سابقة رقم الطلب | 142ن ق د |
| مصدر التصنيف او مخطط الترفيف | Dewey Decimal Classification |
| حالة التراجع | حالة الفقد | مصدر التصنيف او خطة الترفيف | حالة تلف | ليس للاعارة | مجموعات كوها | المكان الدائم | المكان الحالي | موقع الترفيف | تاريخ الاكتساب | Source of acquisition | رقم الاستدعاء | الباركود | Date last seen | نوع الوعاء |
|---|---|---|---|---|---|---|---|---|---|---|---|---|---|---|
| Dewey Decimal Classification | Alef-Baa | Central Library | Central Library | Lower Floor | 31/10/2007 | 142 ن ق د | 000007101 | 15/07/2025 | Book - Borrowing |